| 000 | 00639nam a2200229 a 4500 | ||
|---|---|---|---|
| 005 | 20210219153316.0 | ||
| 008 | 991125n 000 0 eng u | ||
| 035 | _aUPN01000090732 | ||
| 100 | _aYairi, Ehud | ||
| 222 | _aJOURNAL OF SPEECH, LANGUAGE, AND HEARING RESEARCH | ||
| 245 | _aOnset of stuttering in preschool children : selected factors | ||
| 300 | _a782-788 | ||
| 362 | _a35, No. 4, 1992 | ||
| 505 | _aAgosto 1993 | ||
| 653 | 0 | _aDIAGNOSTICO CLINICO | |
| 653 | 0 | _aDIFERENCIAS SEXUALES | |
| 653 | 0 | _aEDAD | |
| 653 | 0 | _aTARTAMUDEZ | |
| 700 | _aAmbrose, Nicoline Grinager | ||
| 904 |
_aAC _b028543 |
||
| 905 | _aArticulo | ||
| 999 |
_c73730 _d73730 |
||